Responses for show #5140 - Friday, January 5, 2007

Contestants

Jeremy Rasmussen, a computer security consultant from Lutz, Florida

Jean Maguire, a stay-at-home mom from Danville, California

Julie Dunlevy, a technology specialist from Louisville, Kentucky (whose 3-day cash winnings total $73,800)

Jeopardy! Round responses

LITERARY OPENINGS
(Alex: We'll give you the opening, you give us the title of the work.)
BIG SCREEN BIO SUBJECTS
NUMBER, PLEASE
THEY RODE THE ORIENT EXPRESS
OFFAL FRENCH FOOD
COMPOUND WORDS
    $200 1
Roots

Jeremy
    $200 8
Loretta Lynn

Jeremy
    $200 21
the 25th

Julie
    $200 26
Mata Hari

Jean
    $200 6
livers

Julie
    $200 16
a handshake

Jean
    $400 2
(Julie: What is The Old Man and the Sea?)
...
(Alex: More recent than that. What is [*]?)

Jaws

Julie
Triple Stumper
    $400 9
(John) Belushi

Jeremy
    $400 22
6

Julie
    $400 27
Grace Kelly

Jean
    $400 7
brains

Jeremy
    $400 17
highlights

Julie
    $600 3
Catch-22

Julie
    $600 10
Bruce Lee

Jean
    $600 23
7

Jean
    $600 28
Lord Baden-Powell

Jeremy
    $600 13
tongue

Jean
    $600 18
bedrock

Julie
    $800 4
(Alex: Been a long time since you guys read it in school. [*].)

1984

Triple Stumper
    $800 11
Bobby Darin

Julie
    $800 24
10

Jean
    $800 29
(Jeremy: Who is Schindler?)
(Julie: Who is Rothschild?)

(Raoul) Wallenberg

JulieJeanJeremy
    $800 14
(Jeremy: What are hooves?) [originally ruled incorrect]
(Julie: What are feet?)

feet (hooves accepted)

JulieJeremy
    $2,000 19
(Julie: What is a termite?)
(Alex: No. What is a "Glow little [*], glimmer, glimmer.")

glowworm

Julie
    $1000 5
(Jean: What is Ulysses?)
...
(Alex: Jean knew that, but she couldn't get it from here [points to brain] to the tip of her tongue, and that's unfortunate.)

A Portrait of the Artist as a Young Man

Jean
Triple Stumper
    $1000 12
(Alex: The runner was [*].)

Steven Prefontaine

Triple Stumper
    $1000 25
1001

Jeremy
    $1000 30
Lady Chatterley

Jeremy
    $1000 15
(Alex: Queue, [*]. Yes, ox [*].)

tail

JulieJean
    $1000 20
rainfall

Julie

Scores at the first commercial break (after clue 15):

Julie Jean Jeremy
$3,000 -$800 $2,000

Scores at the end of the Jeopardy! Round:

Julie Jean Jeremy
$2,800 $2,200 $3,800

Double Jeopardy! Round responses

NAME THAT MUSICAL
THE KING & I
HAIR
BYE BYE BIRDIE
GREECE
"BELL"s ARE RINGING
    $400 3
South Pacific

Julie
    $400 12
Louis XVI

Jean
    $400 2
a mohawk

Julie
    $400 19
(Jean: What is a carrier pigeon?)

a passenger pigeon

JulieJean
    $400 23
Turkey

Julie
    $400 1
rubella

Jeremy
    $800 4
The Music Man

Julie
    $800 14
Juan Carlos

Jeremy
    $800 13
Don King

Jeremy
    $800 20
the Maori

Jean
    $800 27
(Jean: What is Mount Olympia?)
(Alex: No.)
(Jean: [*]! [*].)

Mount Olympus

JeanJeremy
    $800 8
to embellish

Jean
    $1200 5
Guys and Dolls

Julie
    $1200 15
King Hussein of Jordan

Jean
    $1200 16
an afro

Jeremy
    $1200 21
(Julie: What is Elba?)
(Jeremy: What is Helena?)

St. Helena

JulieJeanJeremy
    $1200 28
the Aegean Sea

Julie
    $1200 9
antebellum

Jeremy
    $1600 6
The Sound of Music

Jeremy
    $1600 24
Denmark

Jean
    $1600 17
a pompadour

Julie
    $1600 22
a penguin

Jeremy
    $1600 29
Crete

Jeremy
    $3,000 10
belladonna

Jeremy
    $2000 7
Jesus Christ Superstar

Julie
    $2000 25
Alexander (the Great)

Julie
    $2000 18
a mullet

Jeremy
    $2000 26
a (great) auk

Julie
    $1,400 30
(Jeremy: What is the Hellespont?)

Thermopylae

Jeremy
    $2000 11
Bellini

Jeremy

Scores at the end of the Double Jeopardy! Round:

Julie Jean Jeremy
$14,000 $7,000 $18,200

[wagering suggestions for these scores]

Final Jeopardy! Round responses

PRO FOOTBALL
(Alex: Were you thinking of Buffalo Bill Cody?)
(Jeremy: Yes, I was.)
JeanWho are the Dallas Cowboys?
$7,000
JulieWho are the Dallas Cowboys?
$0
JeremyWho are the Buffalo Bills?
$9,801
the Buffalo Bills

Final scores:

Julie Jean Jeremy
$14,000 $0 $28,001
2nd place: $2,000 3rd place: $1,000 New champion: $28,001

Game dynamics:

Coryat scores:

Julie Jean Jeremy
$16,000 $7,000 $18,200
21 R,
4 W
(including 1 DD)
14 R,
4 W
20 R
(including 1 DD),
3 W
(including 1 DD)

Combined Coryat: $41,200

The J! Archive is created by fans, for fans. The Jeopardy! game show and all elements thereof, including but not limited to copyright and trademark thereto, are the property of Jeopardy Productions, Inc. and are protected under law. This website is not affiliated with, sponsored by, or operated by Jeopardy Productions, Inc. Join the discussion at JBoard.tv.